00897cam a2200265 a 450000100090000000300050000900500170001400800410003101000170007202000180008903500230010703500200013004000490015005000250019908200150022410000230023924500410026225000120030326000390031530000210035465000260037565500330040185601060043485600910054014646308Nust20170406172212.0061127s2007 nyu 000 1 eng  a 2006052992 a9780061240249 a(OCoLC)ocm76836278 a(OCoLC)76836278 aDLCcDLCdBAKERdBTCTAdC#PdYDXCPdVP@dDLC00aPS3621.M75bI35 200700a813.6bUMR1 aUmrigar, Thrity N.10aIf today be sweet /cThrity Umrigar. a1st ed. aNew York :bWilliam Morrow,c2007. a296 p. ;c24 cm. 0aBereavementvFiction. 7aPsychological fiction.2lcsh423Contributor biographical informationuhttp://www.loc.gov/catdir/enhancements/fy0911/2006052992-b.html423Publisher descriptionuhttp://www.loc.gov/catdir/enhancements/fy0911/2006052992-d.html